00993nam a22002537a 4500003000400000005001700004008004100021020004200062040003100104050001400135245012900149260003800278300004400316336002400360337002800384338002500412440004700437504004100484650005700525650004800582700003900630700004000669700003000709OSt20250820105616.0250708b |||||||| |||| 00| 0 eng d a9783031293474 (Hardcover)cUSD 132.00 aNUSTbengcNUSTdNUSTerda aTS176 PRO aProgress in engineering technology v /cedited by Muhamad Husaini Abu Bakar, Tajul Adli bin Abdul Razak and Andreas Ochsner. aSwitzerland :bSpringer,c©2023. axii, 217 pagesbIllustrations ;c24 cm. 2rdamediaatextbtxt 2rdamediaaunmediatedbn 2rdamediaavolumebnc aAdvanced structured materials.vVolume 183 aIncludes bibliographical references. vTECHNOLOGY and ENGINEERING Industrial Engineering. vTECHNOLOGY and ENGINEERING Manufacturing. aBaker, Muhamad Husaini AbueEditor aRazak, Tajul Adli Bin AbduleEditor aOchsner, Andreas eEditor